000 00548nam a2200229Ia 4500
003 OSt
005 20221005123738.0
006 a|||||r|||| 00| 0
007 ta
008 221004b |||||||| |||| 00| 0 mar d
024 _a46308
037 _cTextual
040 _aCRL
_cCRL
_bmar
041 _2mar
_amar
082 _aV2:51wM69, 155K3
100 _aFadke
_9634159
245 0 _aMahatma Gandhi
260 _c1966
650 _aHISTORY
942 _hV2:51wM69, 155K3
_cTEXL
_2cc
999 _c1048352
_d1048352